000 00536nam a2200181Ia 4500
008 090124s9999 xx 000 0 und d
082 _b25350
_a2716
100 _aपै शिरीष
245 _a वडिलांच्या सेवेसी
250 _a1
260 _c1987
300 _a200
600 _aपै शिरीष
630 _a वडिलांच्या सेवेसी
700 _aपै शिरीष
730 _a वडिलांच्या सेवेसी
942 _cBOOK
999 _c138863
_d138863